Statistics for Largest U.S. Cities By Longitude

Click here to take the quiz!

General Stats

  • This quiz has been taken 32 times
  • The average score is 19 of 22

Answer Stats

Longitude Population City % Correct
70 - 758,537,673New York
100%
95 - 1002,303,482Houston
100%
115 - 1203,976,322Los Angeles
100%
110 - 1151,615,017Phoenix
100%
673,184Boston
100%
870,887San Francisco
100%
75 - 801,567,872Philadelphia
100%
85 - 902,704,958Chicago
100%
681,170Washington
96%
100 - 105693,060Denver
93%
1,406,630San Diego
89%
120 - 1251,025,350San Jose
85%
1,492,510San Antonio
85%
90 - 95481,420Kansas City
81%
413,651Minneapolis
81%
559,277Albuquerque
74%
530,706Tucson
74%
855,164Indianapolis
70%
860,090Columbus
70%
105 - 110683,080El Paso
63%
80 - 85880,619Jacksonville
56%
465,101Colorado Springs
41%

Score Distribution

Percentile by Number Answered

Percent of People with Each Score

Your Score History

You have not taken this quiz